000 00471nam a2200157 i 4500
001 bg
245 J _aProceedings of the Fourth International Conference on Soil mechanics and foundation engineering :
_bLondon 12-24 August 1957. Vol.1, Div.1-3a.
260 _aLondon :
_bButterworths,
_c1957.
650 9 _aMechanika gruntów
650 9 _aFundamenty
040 _cBPK
041 _apol
080 _a624.1
942 _cKS
008 s pl f |000 0 pol
999 _c18322
_d18322
856 _uhttp://koha.tu.koszalin.pl/cgi-bin/koha/opac-detail.pl?biblionumber=18322
_yKatalog online BPK